Catálogo
 En Linea

Acerca del trotskismo y el carácter de la revolución / (Registro nro. 27999)

Detalles MARC
000 -CABECERA
campo de control de longitud fija 00470nam a2200145 a 4500
001 - NÚMERO DE CONTROL
campo de control 000028507
005 - FECHA Y HORA DE LA ÚLTIMA TRANSACCIÓN
campo de control 20250401135254.0
008 - DATOS DE LONGITUD FIJA--INFORMACIÓN GENERAL
campo de control de longitud fija 110408s1984 dr 000 0 spa d
040 ## - FUENTE DE LA CATALOGACIÓN
Centro catalogador/agencia de origen DO-SdBNP
Lengua de catalogación spa
Centro/agencia transcriptor BNPHU
082 ## - NÚMERO DE LA CLASIFICACIÓN DECIMAL DEWEY
Número de clasificación xxx
Número de documento/Ítem J96a
100 1# - ENTRADA PRINCIPAL--NOMBRE DE PERSONA
Nombre de persona Justo Duarte, Amaury,
Fechas asociadas al nombre 1942-
9 (RLIN) 8575
245 10 - MENCIÓN DE TÍTULO
Título Acerca del trotskismo y el carácter de la revolución /
Mención de responsabilidad, etc. Amaury Justo Duarte.
260 ## - PUBLICACIÓN, DISTRIBUCIÓN, ETC.
Lugar de publicación, distribución, etc. Santo Domingo :
Nombre del editor, distribuidor, etc. Editora Universitaria - UASD,
Fecha de publicación, distribución, etc. 1984.
300 ## - DESCRIPCIÓN FÍSICA
Extensión 27 p. ;
Dimensiones 21 cm.
Existencias
Estado de retiro Estado de pérdida No para préstamo Código de colección Localización permanente Ubicación/localización actual Ubicación en estantería Fecha de adquisición Número de inventario Total de préstamos Signatura topográfica completa Código de barras Fecha visto por última vez Precio válido a partir de Tipo de ítem Koha Número de copia
    Excluido de préstamo Patrimonio Dominicano Patrimonio Dominicano Patrimonio Dominicano Depósito 08.04.2011 LF1   xxx J96a 28507-10 25.06.2020 25.06.2020 Libro y Folleto Colección Patrimonio Dominicano  
    Excluido de préstamo Patrimonio Dominicano Patrimonio Dominicano Patrimonio Dominicano Depósito 17.04.2015 LF1   xxx J96a 28507-20 25.06.2020 25.06.2020 Libro y Folleto Colección Patrimonio Dominicano e. 2

Con tecnología Koha